000 01002nam a22001817a 4500
003 CEME
005 20210628202338.0
008 210302b xxu||||| |||| 00| 0 eng d
020 _a0-471-57310-8
040 _c.
082 _a333.79 KRA
100 _aRistinen, Robert.A Kraushaar, Jack.J
_959453
245 _aEnergy and problems of a technical society
250 _a2ND
260 _aNEW YORK
_bJOHN WILEY
_c1993
650 _aPOWER RESOURCES; POWER MECHANICS; ENERGY FROM FOSSIL FUELS; NUCLEAR ENERGY; SOLAR ENERGY-USE; ALTERNATIVE SOURCES OF ENERGY; HYDROELECTRIC POWER; WIND POWER; OCEAN THERMAL ENERGY; GEOTHERMAL ENERGY; TIDAL ENERGY; ENERGY STORAGE; ENERGY CONSERVATION; PLANT AND FOOD PRODUCTION; RADIATION AND MAN; TRANSPORTATION; POLLUTION OF ATMOSPHERE; WATER AND ITS POLLUTION; NOISE; NUCLEAR WEAPONS; FISSION WEAPONS; HYDROGEN BOMB; NUCLEAR WEAPONS EFFECTS; WEAPONS INVENTORY; WEAPONS DELIVERY SYSTEMS; NUCLEAR WEAPONS IN THE WORLD
_959454
942 _cBK
_2ddc
999 _c569431
_d569431